000 00368cam a22001217a 4500
008 180718b1992 xxu||||| |||| 00| 0 eng d
082 _aA99 N164 Sh13
100 _aShah, M.C.
245 _aConsensus and conciliation: P.V. Narasimha Rao
_cby M.C. Shah
260 _aDelhi
_bShipra
_c1992
300 _a306p.
650 _aNarasimha Rao, P.V. - Criticism and interpretation
999 _c354116
_d354116